Statistiques concernant Noms de personnes célèbres par éléments chimiques n°1

Cliquez ici pour prendre le quiz!

Statistiques générales

  • Ce quiz a été pris 628 fois
    (483 depuis la dernière actualisation)
  • Le résultat moyen est 4 sur 5

Statistiques - réponses

IndicesEléments chimiquesPersonnages% Correct
EmpereurCérium-Souffre-ArgonJules César
97%
PeintrePhosphore-Iode-Calcium-Soufre-Soufre-OxygènePablo Picasso
94%
Ancien PrésidentCarbone-Hydrogène-Iridium-ActiniumJacques Chirac
92%
DramaturgeRadium-Carbone-Iode-NéonJean Racine
89%
EcrivainCobalt-Sodium-AzoteArthur Conan Doyle
60%

Distribution des résultats

Percentile par nombre de réponses

% des personnes avec chaque résultat

Votre développement - résultats

Vous n’avez pas pris ce quiz depuis la dernière actualisation